Trofea wyobraźni

Titel: Trofea wyobraźni : o prozie Leo Lipskiego / Marta Cuber
Verfasser:
Ausgabe: Wyd. 1
Veröffentlicht: Katowice : Wydawn. Uniw. Śla̜skiego, 2011
Umfang: 243 S.
Format: Buch
Sprache: Polnisch
Schriftenreihe/
mehrbändiges Werk:
Prace naukowe Uniwersytetu Śląskiego w Katowicach ; 2860
Schlagworte:
ISBN: 9788322619919 ; 978832261991X
Buchumschlag
X
Lokale Klassifikation: 32 10 E ; 2 L 1522
alg: 28966821
001A    $03019:13-02-12 
001B    $01999:09-06-23 $t19:49:51.000 
001C    $03004:13-04-12 $t08:35:32.000 
001D    $03019:13-02-12 
001U    $0utf8 
001X    $00 
002@    $0Aau 
003@    $0289668212 
003O    $0793974648 $aOCoLC 
004A    $A978-83-226-1991-9 
004D    $A978-83-226-1991-X 
007A    $0289668212 $aHEB 
007G    $0DE006D43F7F9E3420AE60C12579BF004BA475 
007T    $0Herdhh289668212 
009P    $qapplication/pdf $A2 $3Inhaltsverzeichnis $uhttp://scans.hebis.de/HEBCGI/show.pl?28966821_toc.pdf $mV:DE-603;B:DE-30 
010@    $apol 
011@    $a2011 
021A    $aTrofea wyobraźni $do prozie Leo Lipskiego $hMarta Cuber 
028A    $#Cuber, Marta $71041790716 $8Tomczok, Marta$Z1980- [Tp3] $9331330946 
032@    $aWyd. 1 
033A    $pKatowice $nWydawn. Uniw. Śla̜skiego 
034D    $a243 S. 
036E    $aPrace naukowe Uniwersytetu Śląskiego w Katowicach $l2860 
036F    $x42860 $8Prace naukowe Uniwersytetu Śla̜skiego w Katowicach $9005325994 $l2860 
044K    $#Lipschütz, Leon $#Lüpschütz, Leo $#Lipszyc, Leo $#Lüpschütz, Leon $7121252841 $8Lipski, Leo$Z1917-1997 [Tp1] $9088055884 
044K    $RLiteratur $REpik $#Prose literature $#Prose literature History and criticism $#Prose $#Prosa $#Erzählende Prosa $#Erzählprosa $#Fiktionale Prosa $#Kunstprosa $#Prosaepik $#Prose fiction $#Prosawerk $#Erzählwerk Prosa $#Prosatext $#Prosawerke $#Prosatexte $74047497-5 $8Prosa [Ts1] $9085132446 
045F    $a809 $eDDC23BSB 
045F/01 $a809 
045F/03 $g438 
045G    $a800 $eDDC23BSB 
045G/01 $a800 
045G/03 $g438 
046M    $aLiteraturverz. S. [217] - 229 

lok: 28966821 3
101B    $022-03-12 $t07:18:31.000 
101C    $008-03-12 
101U    $0utf8 
144Z/20 $aj12mar 
145S/01 $a770 
145Z/01 $a900 Ma 0163 Lipski, L. 

exp: 28966821 3 1 #EPN
201B/01 $008-03-12 $t17:22:59.000 
201C/01 $008-03-12 
201U/01 $0utf8 
203@/01 $063923562X 
208@/01 $a08-03-12 $bzAa 
209A/01 $a89.707.24 $du $f000 $h89 707 24 $x00 
209G/01 $a89707242 $x00 
247C/01 $8601000-3 <30>Frankfurt, Universitätsbibliothek J. C. Senckenberg, Zentralbibliothek (ZB) $9102598258 

lok: 28966821 24
101B    $021-05-12 $t06:59:24.000 
101C    $013-04-12 
101U    $0utf8 
145Z/01 $a32 10 E 
145Z/02 $a2 L 1522 

exp: 28966821 24 1 #EPN
201B/01 $013-04-12 $t08:35:32.000 
201C/01 $008-02-12 
201U/01 $0utf8 
203@/01 $0638094992 
208@/01 $a13-04-12 $bz 
209A/01 $a12.01389 $du $f050 $h12 01389 $x00 
209C/01 $a12.01389 K $h12 01389 K 
209G/01 $a73003016 $x00 
220C/01 $anie 
244Z/01 $#Lipschütz, Leon $#Lüpschütz, Leo $#Lipszyc, Leo $#Lüpschütz, Leon $7121252841 $8--Tp1--Lipski, Leo$Z1917-1997 $x01 $9088055884 
247C/01 $8358050-7 Marburg, Bibliothek des Herder-Instituts Marburg $9102600961 

lok: 28966821 25

exp: 28966821 25 1 #EPN
201B/01 $004-08-25 $t11:06:14.000 
201C/01 $026-06-12 
201U/01 $0utf8 
203@/01 $0644927380 
208@/01 $a26-06-12 $bzii 
209A/01 $aMoLi 2/1 $dd $f075 $x00 
209C/01 $a28559/12 
209G/01 $a76879502 $x00 
209G/01 $aSlavistik $x01 
247C/01 $8651075-9 <77/075>Mainz, Universität Mainz, Bereichsbibliothek Philosophicum, Standort Slavistik $9102600244 

lok: 28966821 66

exp: 28966821 66 1 #EPN
201B/01 $013-02-12 $t13:00:52.000 
201C/01 $013-02-12 
201U/01 $0utf8 
203@/01 $0638257107 
208@/01 $a13-02-12 $bz 
209A/01 $aD 4 Lips/C $du $f000 $x00 
209C/01 $a12/b183TUŚ 
247C/01 $8618123-5 Darmstadt, Bibliothek des Deutschen Polen-Instituts $9102600902 

lok: 28966821 78

exp: 28966821 78 1 #EPN
201B/01 $019-04-17 $t22:04:08.000 
201U/01 $0utf8 
203@/01 $0793877709 
208@/01 $a12-11-16 $be 
209A/01 $a/ $f000 $x00 
237A/01 $aweiterführende Signatur(en): Herder-Institut: 12.01389 
244Z/01 $2Trx $#Poola $#Lenkija $#Polija $#Polen Land $#Poland $#Lengyelország $#Poľsko $#Polsko $8--Trx--Polska$gkraj $x01 $9391345966 
244Z/01 $aLipski, Leo $x02 
244Z/01 $2Trx $8--Trx--Monographie $x03 $9391384546 
245Z/01 $a11.08 $x01 
247C/01 $82080>Marburg/Lahn, Herder-Institut, Forschungsbibliothek, Bibliographieportal $9336309341
LEADER 00000cam a2200000 c 4500
001 289668212
003 DE-603
005 20230609194951.0
007 tu
008 120213s2011 xx |||| | u00||u|pol c
020 |a 9788322619919 
020 |z 978832261991X 
035 |a (DE-599)HEB289668212 
035 |a (OCoLC)793974648 
040 |a DE-603  |b ger  |c DE-603  |d DE-603 
041 |a pol 
082 0 4 |8 1\u  |a 809  |q DE-101  |2 23/BSB 
083 0 |8 2\u  |a 800  |q DE-101  |2 23/BSB 
085 |8 1\u  |b 809 
085 |8 1\u  |z 2  |s 438 
085 |8 2\u  |b 800 
085 |8 2\u  |z 2  |s 438 
100 1 |a Tomczok, Marta  |d 1980-  |0 (DE-603)331330946  |0 (DE-588)1041790716  |2 gnd 
245 0 0 |a Trofea wyobraźni  |b o prozie Leo Lipskiego  |c Marta Cuber 
250 |a Wyd. 1 
264 1 |a Katowice  |b Wydawn. Uniw. Śla̜skiego  |c 2011 
300 |a 243 S. 
490 1 |a Prace naukowe Uniwersytetu Śląskiego w Katowicach  |v 2860 
504 |a Literaturverz. S. [217] - 229 
600 1 7 |a Lipski, Leo  |d 1917-1997  |0 (DE-588)121252841  |0 (DE-603)088055884  |2 gnd 
650 7 |a Prosa  |0 (DE-588)4047497-5  |0 (DE-603)085132446  |2 gnd 
810 2 2 |a Uniwersytet Śląski  |t Prace naukowe Uniwersytetu Śla̜skiego w Katowicach  |v 2860  |w (DE-603)005325994  |w (DE-600)416777-6  |9 42860  |7 as 
856 4 2 |m V:DE-603;B:DE-30  |q application/pdf  |u http://scans.hebis.de/HEBCGI/show.pl?28966821_toc.pdf  |3 Inhaltsverzeichnis 
924 0 |9 30  |a (DE-603)63923562X  |b DE-30  |c HES  |d c  |g 89.707.24 
924 0 |9 Mb 50  |a (DE-603)638094992  |b DE-Mb50  |c HES  |d c  |g 12.01389 
924 0 |9 77/075  |a (DE-603)644927380  |b DE-77-075  |c HES  |d d  |g MoLi 2/1 
924 0 |9 Ds 123  |a (DE-603)638257107  |b DE-Ds123  |c HES  |d d  |g D 4 Lips/C 
924 0 |9 2080  |a (DE-603)793877709  |b DE-2080  |c HES  |d d  |g /